| 000 | 00424nam a2200157 a 4500 | ||
|---|---|---|---|
| 005 | 20140310183202.0 | ||
| 008 | 030201s19uu xx 00 eng d | ||
| 050 |
_aPZ 7 _b.Ar73394 1972 |
||
| 100 | _aArmstrong, William H. | ||
| 245 |
_aSounders / _cWilliam H. Armstong. |
||
| 260 |
_aNew York : _bScholastic Books, _c1972. |
||
| 300 |
_a116 p. : _bill. ; _c18 cm. |
||
| 650 | _aFiction | ||
| 942 |
_cBK _2lcc |
||
| 999 |
_c19897 _d19897 |
||